000 00511nam a2200181Ia 4500
005 20250508152731.0
008 008 250505s9999 xx 000 0 eng d
037 _aBooks to be hide in OPAC
040 _aFEDL
_beng
_cFEDL
041 _aeng
_2eng
084 _a552.4, WHI/O
_qFEDL
100 _aWhite Anne Terry
_9624930
245 0 _aAll about our changing rocks
260 _aNew York, USA
_bRandom House
_c1955
300 _a142p.
942 _cHB
_h552.4, WHI/O
999 _c1338393
_d1338393